000 00353nam a2200133 i 4500
001 bg
100 1 _aMEJBAUM-KATZENELLENBOGEN, W.
245 0 _aKurs (przygotowawczy) praktyczny z biochemii /
_cW. Mejbaum-Katzenellenbogen.
260 _aWarszawa,
_c1969.
040 _cBPK
041 _apol
942 _cKS
008 s pl f |000 0 pol
999 _c11812
_d11812
856 _uhttp://koha.tu.koszalin.pl/cgi-bin/koha/opac-detail.pl?biblionumber=11812
_yKatalog online BPK